| 000 | 00649nam a2200229 i 4500 | ||
|---|---|---|---|
| 001 | 122968 | ||
| 003 | ES-MaACL | ||
| 005 | 20250827062621.0 | ||
| 007 | t| | ||
| 008 | 070214s1979 sp r ||||0| spa d | ||
| 110 | 1 |
_aEspaña _93622 |
|
| 130 | 0 | 0 |
_aLeyes, etc. _9122601 |
| 245 | 1 | 0 | _aPropiedad industrial. |
| 250 | _a3ª ed. | ||
| 260 |
_aMadrid : _bBoletín Oficial del Estado, _c1979. |
||
| 300 |
_a596 p ; _c17 cm. |
||
| 490 | 1 |
_aTextos legales ; _v32 |
|
| 650 | 0 | 4 |
_aPropiedad industrial- _zEspaña- _vLegislación. _916482 |
| 830 | 0 |
_aTextos legales ; _v32 _9178122 |
|
| 852 |
_aES-MaACL _jC-13524 _bR.100765 |
||
| 999 |
_c122968 _d122968 |
||